<?xml version="1.0" encoding="UTF-8"?>
<record
    xmlns:xsi="http://www.w3.org/2001/XMLSchema-instance"
    xsi:schemaLocation="http://www.loc.gov/MARC21/slim http://www.loc.gov/standards/marcxml/schema/MARC21slim.xsd"
    xmlns="http://www.loc.gov/MARC21/slim">

  <leader>01600cam a2200373 i 4500</leader>
  <datafield tag="999" ind1=" " ind2=" ">
    <subfield code="c">478365</subfield>
    <subfield code="d">478365</subfield>
  </datafield>
  <controlfield tag="001">18085525</controlfield>
  <controlfield tag="003">NUST</controlfield>
  <controlfield tag="005">20180523061231.0</controlfield>
  <controlfield tag="008">140328t20152015nju      b    001 0 eng  </controlfield>
  <datafield tag="010" ind1=" " ind2=" ">
    <subfield code="a">  2014007305</subfield>
  </datafield>
  <datafield tag="020" ind1=" " ind2=" ">
    <subfield code="a">9781118721407 (cloth)</subfield>
  </datafield>
  <datafield tag="020" ind1=" " ind2=" ">
    <subfield code="a">1118721403 (cloth)</subfield>
  </datafield>
  <datafield tag="038" ind1=" " ind2=" ">
    <subfield code="a">SNS Library </subfield>
  </datafield>
  <datafield tag="040" ind1=" " ind2=" ">
    <subfield code="a">DLC</subfield>
    <subfield code="b">eng</subfield>
    <subfield code="c">DLC</subfield>
    <subfield code="e">rda</subfield>
    <subfield code="d">DLC</subfield>
  </datafield>
  <datafield tag="042" ind1=" " ind2=" ">
    <subfield code="a">pcc</subfield>
  </datafield>
  <datafield tag="050" ind1="0" ind2="0">
    <subfield code="a">QA387</subfield>
    <subfield code="b">.A77 2015</subfield>
  </datafield>
  <datafield tag="082" ind1="0" ind2="0">
    <subfield code="a">515.353</subfield>
    <subfield code="2">23</subfield>
  </datafield>
  <datafield tag="100" ind1="1" ind2=" ">
    <subfield code="a">Arrigo, Daniel J.</subfield>
    <subfield code="q">(Daniel Joseph),</subfield>
    <subfield code="d">1960-</subfield>
    <subfield code="9">10475</subfield>
  </datafield>
  <datafield tag="245" ind1="1" ind2="0">
    <subfield code="a">Symmetry analysis of differential equations :</subfield>
    <subfield code="b">an introduction /</subfield>
    <subfield code="c">Daniel J. Arrigo, Department of Mathematics, University of Central Arkansas, Conway, AR.</subfield>
  </datafield>
  <datafield tag="264" ind1=" " ind2="1">
    <subfield code="a">Hoboken, New Jersey :</subfield>
    <subfield code="b">Wiley,</subfield>
    <subfield code="c">[2015]</subfield>
  </datafield>
  <datafield tag="300" ind1=" " ind2=" ">
    <subfield code="a">xiii, 176 pages ;</subfield>
    <subfield code="c">25 cm</subfield>
  </datafield>
  <datafield tag="336" ind1=" " ind2=" ">
    <subfield code="a">text</subfield>
    <subfield code="2">rdacontent</subfield>
  </datafield>
  <datafield tag="337" ind1=" " ind2=" ">
    <subfield code="a">unmediated</subfield>
    <subfield code="2">rdamedia</subfield>
  </datafield>
  <datafield tag="338" ind1=" " ind2=" ">
    <subfield code="a">volume</subfield>
    <subfield code="2">rdacarrier</subfield>
  </datafield>
  <datafield tag="504" ind1=" " ind2=" ">
    <subfield code="a">Includes bibliographical references (pages 171-174) and index.</subfield>
  </datafield>
  <datafield tag="650" ind1=" " ind2="0">
    <subfield code="a">Lie groups</subfield>
    <subfield code="v">Textbooks.</subfield>
    <subfield code="9">10476</subfield>
  </datafield>
  <datafield tag="650" ind1=" " ind2="0">
    <subfield code="a">Lie groups</subfield>
    <subfield code="x">Study and teaching (Higher)</subfield>
    <subfield code="9">10477</subfield>
  </datafield>
  <datafield tag="650" ind1=" " ind2="0">
    <subfield code="a">Lie groups</subfield>
    <subfield code="x">Study and teaching (Graduate)</subfield>
    <subfield code="9">10478</subfield>
  </datafield>
  <datafield tag="650" ind1=" " ind2="0">
    <subfield code="a">Differential equations, Partial</subfield>
    <subfield code="v">Textbooks.</subfield>
    <subfield code="9">10479</subfield>
  </datafield>
  <datafield tag="776" ind1="0" ind2="8">
    <subfield code="i">Online version:</subfield>
    <subfield code="a">Arrigo, Daniel J. (Daniel Joseph), 1960-</subfield>
    <subfield code="t">Symmetry analysis of differential equations</subfield>
    <subfield code="d">Hoboken, New Jersey : John Wiley &amp; Sons, Inc., [2014]</subfield>
    <subfield code="z">9781118721445</subfield>
    <subfield code="w">(DLC) 2014012733</subfield>
  </datafield>
  <datafield tag="906" ind1=" " ind2=" ">
    <subfield code="a">7</subfield>
    <subfield code="b">cbc</subfield>
    <subfield code="c">orignew</subfield>
    <subfield code="d">1</subfield>
    <subfield code="e">ecip</subfield>
    <subfield code="f">20</subfield>
    <subfield code="g">y-gencatlg</subfield>
  </datafield>
  <datafield tag="942" ind1=" " ind2=" ">
    <subfield code="2">ddc</subfield>
    <subfield code="c">BK</subfield>
  </datafield>
  <datafield tag="952" ind1=" " ind2=" ">
    <subfield code="0">0</subfield>
    <subfield code="1">0</subfield>
    <subfield code="2">ddc</subfield>
    <subfield code="4">0</subfield>
    <subfield code="7">0</subfield>
    <subfield code="a">SNS</subfield>
    <subfield code="b">SNS</subfield>
    <subfield code="d">2018-05-23</subfield>
    <subfield code="l">1</subfield>
    <subfield code="o">515.353</subfield>
    <subfield code="p">SNS0002458</subfield>
    <subfield code="r">2019-04-08</subfield>
    <subfield code="s">2019-03-15</subfield>
    <subfield code="w">2018-05-23</subfield>
    <subfield code="y">BK</subfield>
  </datafield>
</record>
